000 00521nam a2200193Ia 4500
003 GCL
008 140319s9999 xx 000 0 eng d
040 _aGCL /
_cGCL
082 0 4 _a351.0073
_bB P
100 1 _aBURNS, DAMMY
245 1 0 _aTHE POLITICS OF DECENTRALISATION: REVITALISING LOCAL DEMOCRACY /
_cBURNS, DAMMY
700 1 _aHAMBLETON, ROBIN
700 1 _aHOGGETT, PAUL
260 _a[S.N] :
_bMACMILLAN ،
_c1994
300 _a304 P
650 0 4 _aDEMOCRACY
650 0 4 _aDECENTRALISATION
942 _2ddc
_cBK
999 _c21294
_d21294